000 00277nam a22001217a 4500
008 180807b xxu||||| |||| 00| 0 eng d
082 _a813.52
245 _aProject profesional
_cMICROSOFT
260 _c2003
300 _a2
_fCD
440 _x9780324321784
942 _2ddc
_cMX
999 _c46920
_d46920